01074nam a2200229 i 450000100060000000300090000600500170001500700030003200800410003510000450007624502050012126000310032630000370035750000970039470000380049170000250052970000610055471100730061585200200068899900170070895201190072538134ES-MaACL20250819173341.0t|030224s1904 fr ||||1| fre d1 aCabello y Lapiedra, Luis María.93318310aA travers l'Espagne b: (indicateur du voyage pour les Congresistes) / crèdigé pa Louis Mª Cabello y Lapiedra ; en collaboration avc M.M. Clareria Lampérez, Repullés y Vargas et Vega Morcho. aMadrid : bRomero, c1904. aIV, 120 p., 24 lám. ; c17 cm. aPrecede al tít.: Vleme Congrés internacional des Architectes... - con siete itinerarios.1 aClareria Lámperez, M. M.9390091 aMorcho, Vega.9831821 aRepullés y Vargas, Enrique María, d1845-192299627704aCongreso Internacional de Arquitectos (n6º. d1904. cMadrid)9410 aES-MaACLjC-283 c38134d38134 00104070aATENEOMbATENEOMcSPALd2008-01-17eSCl0oC-283p1040146r2023-02-23 00:00:00w2023-02-23yMONOGRAFIA